Portland Trailblazers 2024-2025 Roster - Statistics

General Stats
  • This quiz has been taken 74 times
  • The average score is 11 of 18
Answer Stats
Jersey # Answer % Correct
00 Scoot Henderson
91%
8 Deni Avdija
88%
1 Anfernee Simons
85%
2 Deandre Ayton
85%
17 Shaedon Sharpe
85%
9 Jerami Grant
82%
23 Donovan Clingan
74%
33 Toumani Camara
74%
35 Robert Williams
62%
5 Dalano Banton
59%
26 Duop Reath
59%
4 Matisse Thybulle
59%
24 Kris Murray
53%
21 Rayan Rupert
47%
34 Jabari Walker
41%
10 Justin Minaya
29%
11 Bryce McGowens
21%
76 Taze Moore
12%
No matching quizzes found
Score Distribution
Percent of People with Each Score
Percentile by Number Answered
Your Score History
You have not taken this quiz